[Event "EICC 2021"]
[Site "Reykjavik"]
[Date "2021.08.28"]
[Round "3.2"]
[White "Keymer, Vincent"]
[Black "Sarana, Alexey"]
[Result "0-1"]
[WhiteElo "2602"]
[BlackElo "2643"]
[Annotator "TA"]
[PlyCount "76"]
[EventDate "2021.08.26"]
[EventType "swiss"]
[EventCountry "ISL"]
[Tiebreak "Cut1 Buchholz"]
[SourceTitle "playchess.com"]
[Source "ChessBase"]
[SourceQuality "1"]

{[%evp 9,75,9,10,-6,0,-1,10,8,10,-10,3,6,52,0,0,0,10,1,23,-16,-15,-18,-16,-19,
-14,-25,-22,-22,-20,-35,0,-149,-133,-148,-145,-133,-134,-149,-133,-145,-137,
-149,-156,-149,-149,-160,-161,-159,-150,-217,-217,-185,-164,-257,-259,-234,
-247,-441,-434,-432,-432,-432,-432,-29989,-29990,-29998,-29999,-29999]} 1. Nf3
{Edouard,R} d5 2. e3 Nf6 3. c4 e6 4. Nc3 dxc4 5. Bxc4 a6 6. e4 {A17: English
Opening: 1...Nf6 with ...Bb4.} c5 7. d4 {[#]} b5 $146 ({Predecessor:} 7... cxd4
8. Nxd4 Bd6 9. Be3 O-O 10. Rc1 b5 11. Bb3 Bb7 12. Bxe6 Nxe4 13. Nxe4 Bxe4 14.
Qg4 Bg6 {1-0 (33) Nepomniachtchi,I (2784)-Giri,A (2764) chess24.com INT 2020
CBM 197 [Edouard,R]}) 8. Bb3 {The position is equal.} cxd4 9. Nxd4 Nbd7 10. Be3
Bb4 11. O-O ({But not} 11. Nc6 Bxc3+ 12. bxc3 Qc7 $15) (11. Bxe6 $14 O-O 12.
Bxd7 Bxd7 13. f3) 11... Bb7 $11 12. a4 O-O 13. axb5 axb5 14. Ndxb5 Rxa1 15.
Qxa1 Nxe4 16. Rd1 {aiming for Nxe4.} Qe7 17. Bc2 Nxc3 18. bxc3 Bc5 {[%cal
Rc5e3] Strongly threatening ...Bxe3.} 19. Qc1 Nf6 20. Qd2 {[#] White is on the
road to losing.} (20. c4 $11) 20... Bxg2 $1 $17 {[%mdl 512]} 21. Kxg2 Bxe3 22.
Qxe3 {Black must now prevent c4.} Qb7+ {[%mdl 64] Double Attack} 23. Kg1 {
And now Nd6 would win.} Qxb5 24. Bd3 Qa4 25. Be2 Nd5 26. Qd2 Qe4 27. c4 Nf4 {
[%csl Gf4][%cal Re4g2]} 28. Bf1 h6 29. c5 (29. Qe3 $17 {might work better.} Qf5
30. Rc1) 29... Rc8 $40 {[%mdl 128] White is in trouble.} 30. Rc1 e5 31. h3 (31.
Qe3 $142 Qd5 32. c6) 31... Rc6 32. Rc3 Qb1 33. Rc1 $2 (33. Qc1 Qxc1 34. Rxc1)
33... Rg6+ 34. Kh2 Qe4 35. Rc4 Qc6 {( -> ...Rg2+!)} 36. f3 {[#]} (36. Rxf4 $19
exf4 37. Qxf4) 36... Qxf3 {Black mates.} 37. Rc1 Qg3+ 38. Kh1 Qg1# {Weighted
Error Value: White=0.45/Black=0.05} 0-1

[Event "EICC 2021"]
[Site "Reykjavik"]
[Date "2021.08.28"]
[Round "3.3"]
[White "Demchenko, Anton"]
[Black "Lagarde, Maxime"]
[Result "1/2-1/2"]
[WhiteElo "2597"]
[BlackElo "2631"]
[Annotator "TA"]
[PlyCount "59"]
[EventDate "2021.08.26"]
[EventType "swiss"]
[EventCountry "ISL"]
[Tiebreak "Cut1 Buchholz"]
[SourceTitle "playchess.com"]
[Source "ChessBase"]
[SourceQuality "1"]

{[%evp 19,59,18,10,18,68,22,30,0,0,0,0,0,0,20,20,18,36,0,9,5,17,14,14,10,20,14,
13,29,23,0,0,0,0,0,0,0,0,0,0,0,0,0]} 1. e4 c5 2. Nf3 d6 3. d4 cxd4 4. Nxd4 Nf6
5. Nc3 g6 6. Be3 Bg7 7. f3 O-O 8. Qd2 Nc6 9. O-O-O d5 10. Nxc6 bxc6 {[#]} 11.
Bc4 $1 {[%cal Re4d5] 11.Bh6 is setting a new trend. B76: Sicilian Dragon:
Yugoslav Attack, 9 g4 and 9 0-0-0.} Be6 (11... e6 12. Kb1) 12. Bb3 {[#]} Qc7
$146 ({Predecessor:} 12... Qb8 13. g4 Rd8 14. h4 Qb7 15. Qh2 h6 16. Bxh6 Nxg4
17. fxg4 Bxh6+ 18. g5 Bg7 19. exd5 Bxd5 20. Nxd5 cxd5 {0-1 (61) Kirsten,A 
(1323)-Dietz,F (1655) Magdeburg 2014}) 13. exd5 {White has an edge.} (13. Bf4 {
is more complex.} Qb7 14. Na4 Qb5 15. exd5 Bxd5 16. Rhe1) 13... Nxd5 14. Bd4
Bxd4 15. Qxd4 {[%cal Rb3d5]} Nxc3 16. Qxc3 Bxb3 17. axb3 Rfd8 18. g3 (18. g4 {
with more complications.} e6 19. Kb1 h6 20. Rdf1 a5 21. f4) 18... Qb6 (18... e6
{is interesting.} 19. g4 Qb6 20. h4 Rxd1+ 21. Rxd1 Rd8) 19. h4 Rd5 20. Rxd5
cxd5 $11 {[%mdl 4096] Endgame KQR-KQR} 21. h5 d4 22. Qd2 {Black should prevent
hxg6.} Rd8 23. hxg6 Qxg6 24. g4 d3 {The position is equal.} 25. Rh6 Qg7 26. Rh5
{Black must now prevent Rg5.} Qd4 $1 {[%cal Rd4g1]} 27. Qg5+ Kf8 28. Qh6+ {
[%mdl 64] [#] Double Attack} Ke8 29. Qc6+ Kf8 {( -> ...Qg1+)} 30. Qh6+ {
Weighted Error Value: White=0.10/Black=0.04} 1/2-1/2

[Event "EICC 2021"]
[Site "Reykjavik"]
[Date "2021.08.28"]
[Round "3.4"]
[White "Huschenbeth, Niclas"]
[Black "Vocaturo, Daniele"]
[Result "1-0"]
[WhiteElo "2592"]
[BlackElo "2630"]
[Annotator "TA"]
[PlyCount "113"]
[EventDate "2021.08.26"]
[EventType "swiss"]
[EventCountry "ISL"]
[Tiebreak "Cut1 Buchholz"]
[SourceTitle "playchess.com"]
[Source "ChessBase"]
[SourceQuality "1"]

{[%evp 9,113,0,18,-30,-19,-41,0,1,14,16,25,29,26,15,30,21,16,0,0,0,0,0,0,0,0,0,
6,0,0,0,0,0,0,0,0,0,0,-15,0,0,0,0,0,0,0,0,0,0,0,-3,0,0,40,44,42,43,39,36,36,40,
41,41,41,41,45,33,29,32,34,29,191,188,164,189,146,65,83,79,200,200,200,156,207,
196,522,522,522,522,504,504,475,404,1771,1772,1622,1806,1831,1614,1515,1275,
2262,2077,12809,11681,6211,6158]} 1. e4 e5 2. Nf3 Nc6 3. Bc4 Bc5 4. c3 Nf6 5.
d4 exd4 6. b4 {C54: Giuoco Piano: 4 c3 Nf6, main lines with 5 d4 and 5 d3.} Be7
7. e5 {Black must now prevent b5.} Ng4 8. cxd4 {The position is equal.} d5 ({
Much weaker is} 8... Nxb4 9. a3 $14) 9. exd6 {[#]} cxd6 $146 ({Predecessor:} 
9... Qxd6 10. b5 Be6 11. Ba3 Nb4 12. Be2 Qf4 13. O-O Bd6 14. Re1 O-O 15. Nc3
Nd5 16. Bxd6 cxd6 17. Nxd5 Bxd5 {0-1 (81) Hvenekilde,J (2290)-Danielsen,H
Allerod 1984}) 10. a3 O-O 11. O-O Bf5 12. Bb2 d5 13. Ba2 Nf6 14. Nc3 Bd6 15.
Re1 a5 16. b5 Ne7 17. Ne5 Rc8 18. Rc1 Be6 19. Na4 Rxc1 20. Qxc1 Qe8 21. Nc3 Qd8
22. Na4 Qe8 23. Nc3 Qd8 24. Qd1 Qb6 25. Qe2 Rc8 26. Na4 Qc7 27. Bb3 Ng6 28. g3
Qe7 29. Nb6 {aiming for Nxg6.} Re8 30. Qf3 {[%cal Rb6d5]} Bg4 31. Nxd5 Nxe5 32.
Nxe7+ Rxe7 33. dxe5 ({Wrong is} 33. Bxf7+ $2 Kf8 $19) 33... Bxf3 34. Re3 Bxe5
35. Rxe5 Rxe5 36. Bxe5 $14 {[%mdl 4096] Endgame KBB-KBN} Bd5 37. Bd1 Ne4 38. a4
Nd2 39. Bc3 Nc4 (39... Bb3 $11 {and Black stays safe.}) 40. Kf1 $1 $18 f6 41.
Ke2 $1 Kf7 42. g4 (42. f4 $16) 42... Ke6 43. f4 g6 {[#]} (43... Kd6 $16) 44.
Kd3 $1 f5 45. h3 Kd6 (45... Kd7 $16 {keeps fighting.} 46. gxf5 gxf5) 46. Kd4 b6
$2 (46... Be6 {is a better chance.} 47. gxf5 gxf5) 47. gxf5 gxf5 {[#]} 48. Bc2
$1 Na3 49. Bxf5 Bb3 50. Bb2 Nc2+ (50... Nc4 $142) 51. Kc3 {White is clearly
winning.} Ne3 52. Kxb3 Nxf5 53. Kc4 Ne3+ 54. Kd3 Nd5 55. Ke4 Kc5 56. f5 Nc7 57.
Bd4+ {Weighted Error Value: White=0.05/Black=0.22} 1-0

[Event "EICC 2021"]
[Site "Reykjavik"]
[Date "2021.08.28"]
[Round "3.5"]
[White "Sivuk, Vitaly"]
[Black "Hovhannisyan, Robert"]
[Result "0-1"]
[WhiteElo "2589"]
[BlackElo "2626"]
[Annotator "TA"]
[PlyCount "112"]
[EventDate "2021.08.26"]
[EventType "swiss"]
[EventCountry "ISL"]
[Tiebreak "Cut1 Buchholz"]
[SourceTitle "playchess.com"]
[Source "ChessBase"]
[SourceQuality "1"]

{[%evp 9,112,32,37,26,26,29,20,11,16,0,0,0,6,9,8,0,0,0,15,-10,-9,-16,-23,-12,0,
-11,-11,-11,0,-13,3,-10,12,0,-12,-18,-13,-33,-22,-35,-33,-34,-23,-51,-5,-7,0,
-54,0,0,0,0,0,0,0,0,0,-10,9,9,9,-13,-14,-8,-6,-6,-6,-6,-1,-2,-8,-38,-38,-38,
-21,-22,-22,-27,-23,-29,-27,-41,-41,-55,-41,-122,-122,-122,-122,-326,-320,-328,
-319,-689,-660,-654,-634,-2191,-2176,-2312,-2260,-1967,-1950,-1610,-1420]} 1.
e4 e5 2. Nf3 Nc6 3. Nc3 Nf6 4. h3 d5 5. exd5 Nxd5 6. Bb5 {C47: Scotch Four
Knights and Four Knights with 4 g3.} Nxc3 7. bxc3 Bd6 8. O-O {The position is
equal.} O-O 9. Re1 Re8 10. d3 {[#]} h6 $146 ({Predecessor:} 10... Bd7 11. Ng5
h6 12. Ne4 Bf8 13. Qh5 a6 14. Ba4 g6 15. Qf3 f5 16. Nc5 e4 {1-0 (59) Kovalev,V
(2664)-Khusenkhojaev,M (2430) Batumi 2018}) 11. Nd2 a6 12. Bc4 Be6 13. Qh5 Qg5
(13... Rb8 {seems wilder.} 14. Bxe6 Rxe6 15. Rb1 Bc5 16. a4 Qe7) 14. Qxg5 (14.
Qf3 {feels hotter.} Qg6 15. Bxe6 Qxe6 16. a4 Rab8 17. Nc4) 14... hxg5 15. Bb3
f6 16. Ne4 Nd8 17. Rb1 Bxb3 18. axb3 Ne6 19. Ra1 Be7 20. Bd2 Kf7 21. Ra5 b6 22.
Ra2 a5 23. c4 Rad8 24. Bc3 Rh8 25. f3 Rh7 26. Bb2 Bb4 27. Bc3 Be7 28. Bb2 Rhh8
(28... Nd4 $15 29. Bc1 Kg6) 29. Ba3 $11 Bxa3 30. Rxa3 Nd4 31. Ra2 Ra8 32. Kf2
Ra7 33. Nc3 c5 34. Nd5 Rb7 35. c3 Ne6 36. Rb1 Nf4 37. Nxf4 gxf4 {[%mdl 4096]
Endgame KRR-KRR} 38. b4 {[#] Threatens to win with bxc5.} Rd7 39. Ke2 Rhd8 40.
Rd2 axb4 41. cxb4 Ra8 42. bxc5 bxc5 43. Rb5 Rc7 44. Rdb2 Raa7 45. Rb8 Kg6 46.
Kf2 Rd7 47. Ke2 {[#]} (47. Rd2 $15) 47... Kg5 $1 $17 48. R8b5 Ra3 49. Rd2 $2 {
This costs White the game.} (49. Rxc5 $17 Raxd3 50. Rcb5) 49... Kh4 $19 50.
Rxc5 Kg3 51. Rc8 $2 (51. Rd5 Rxd5 52. cxd5) 51... Ra1 {Black is clearly
winning.} 52. c5 Rg1 53. c6 Ra7 54. Rb8 Rxg2+ 55. Kd1 Ra1+ 56. Kc2 Ra2+ {
Weighted Error Value: White=0.36/Black=0.05} 0-1

[Event "EICC 2021"]
[Site "Reykjavik"]
[Date "2021.08.28"]
[Round "3.6"]
[White "Fridman, Daniel"]
[Black "Gabuzyan, Hovhannes"]
[Result "0-1"]
[WhiteElo "2621"]
[BlackElo "2587"]
[Annotator "TA"]
[PlyCount "82"]
[EventDate "2021.08.26"]
[EventType "swiss"]
[EventCountry "ISL"]
[Tiebreak "Cut1 Buchholz"]
[SourceTitle "playchess.com"]
[Source "ChessBase"]
[SourceQuality "1"]

{[%evp 9,82,48,52,47,47,47,66,69,73,37,41,40,47,35,64,42,41,46,42,39,50,35,10,
-14,-15,-80,-81,-98,-87,-89,-74,-89,-92,-88,-51,-58,-47,-31,-51,-66,-92,-100,
-79,-50,-60,-52,-45,-58,-45,-90,-97,-220,-132,-137,-133,-155,-126,-353,-353,
-352,-352,-347,-347,-343,-340,-333,-320,-322,-315,-29983,-29984,-29984,-29985,
-29993,-29994]} 1. d4 Nf6 2. c4 c5 3. d5 a6 4. Nc3 b5 5. a3 d6 6. e4 {A56:
Czech Benoni.} bxc4 7. Nf3 {[#]} Bg4 $146 ({Predecessor:} 7... Nbd7 8. Bxc4 g6
9. O-O Bg7 10. Qc2 O-O 11. h3 Nh5 12. Be2 Ne5 13. Nxe5 Bxe5 14. Bxh5 gxh5 {
1-0 (50) Falandt,J-Hospers,B (1967) ICCF email 2016}) 8. Qa4+ {White is
slightly better.} Qd7 9. Qxc4 Bxf3 10. gxf3 {aiming for b4.} g6 11. f4 Bh6 12.
h4 Nh5 13. Bh3 Qb7 14. Qa4+ Nd7 15. e5 Ra7 $1 16. O-O O-O 17. Bg4 (17. Re1 $11)
17... Nb6 $17 18. Qe4 f5 $36 {[%mdl 2048] Keeping White busy.} 19. exf6 Nxf6
20. Be6+ Kh8 21. Qd3 Na8 22. b4 Nc7 23. bxc5 Nxe6 24. dxe6 dxc5 25. Re1 c4 26.
Qxc4 Qf3 27. Ne4 Qg4+ 28. Ng3 {Black must now prevent Kg2.} Rb7 29. Qe2 Qxh4 {
Strongly threatening ...Ng4.} 30. Kg2 (30. Qf3 $17 {keeps fighting.} Ng4 31.
Kg2 Qh2+ 32. Kf1 Qh3+ 33. Qg2 Qxg2+ 34. Kxg2) 30... Nh5 {Hoping for ...Rb3.}
31. Nxh5 gxh5 ({Reject} 31... Qxh5 $6 32. Qxh5 gxh5 33. Re4 $11) 32. Qf3 Bxf4 {
And now ...Rbb8 would win.} 33. Qxb7 (33. Re4 $17 Rg8+ 34. Kf1) 33... Bxc1 $19
({Stronger than} 33... Qh2+ 34. Kf1 $11) 34. Ra2 Rg8+ 35. Kf1 Qh3+ {[%mdl 64] 
[#] Double Attack} 36. Ke2 Qxe6+ {[%mdl 64] Double Attack} 37. Kf1 Qxa2 38.
Rxc1 Qxa3 {( -> ...Qd3+)} 39. Rd1 {[#]} (39. Rc2 $19) 39... Qh3+ {Black mates.}
40. Ke2 Qe6+ 41. Kf3 Rf8+ {Weighted Error Value: White=0.40/Black=0.07} 0-1

[Event "EICC 2021"]
[Site "Reykjavik"]
[Date "2021.08.28"]
[Round "3.7"]
[White "Svane, Rasmus"]
[Black "Ivic, Velimir"]
[Result "0-1"]
[WhiteElo "2615"]
[BlackElo "2571"]
[Annotator "TA"]
[PlyCount "142"]
[EventDate "2021.08.26"]
[EventType "swiss"]
[EventCountry "ISL"]
[Tiebreak "Cut1 Buchholz"]
[SourceTitle "playchess.com"]
[Source "ChessBase"]
[SourceQuality "1"]

{[%evp 12,142,21,32,37,10,27,27,29,10,37,6,9,0,0,0,0,0,0,0,0,0,0,0,0,0,0,0,36,
9,20,-2,0,0,0,0,0,-61,-57,-93,8,8,4,5,4,9,12,0,0,0,0,0,0,0,0,0,0,0,0,0,0,0,0,
-287,-286,-257,-252,-477,-483,-452,-447,-443,-437,-423,-281,-353,-357,-345,
-348,-302,-319,-339,-339,-417,-409,-418,-432,-632,-624,-614,-566,-586,-574,
-578,-548,-537,-537,-566,-566,-555,-568,-743,-709,-944,-941,-1022,-944,-927,
-931,-920,-839,-861,-865,-815,-767,-938,-884,-835,-566,-994,-884,-1129,-1091,
-1283,-1125,-1712,-1452,-1708,-1708,-29987,-29988,-29987,-5114]} 1. d4 d5 2. c4
c6 3. Nc3 Nf6 4. e3 Bf5 5. Nf3 e6 6. Nh4 Be4 7. f3 Bg6 {D12: Slav Defence: 3
Nf3 Nf6 4 e3 Bf5.} 8. Bd2 Be7 9. Nxg6 hxg6 {White has an edge.} 10. Qc2 {[#]}
a5 $1 $146 {[%mdl 8] A relevant novelty.} ({Predecessor:} 10... Nbd7 11. O-O-O
a6 12. g4 dxc4 13. Bxc4 b5 14. Be2 c5 15. d5 Nxd5 16. Nxd5 exd5 {0-1 (32)
Donchenko,A (2668)-Caruana,F (2823) Wijk aan Zee 2021}) 11. Kf2 Nbd7 12. g3 g5
13. cxd5 exd5 14. Be2 Nf8 15. Kg2 Ne6 16. Rad1 g6 17. Bd3 Kf8 18. Ne2 Qd7 19.
h3 Bb4 20. Bc1 Kg7 21. a3 Be7 22. f4 Ne4 23. Bxe4 dxe4 24. Nc3 (24. Qxe4 $11 f5
25. Qf3) 24... gxf4 $15 25. gxf4 Rh5 (25... f5 $17) 26. Qxe4 $11 Rah8 27. d5
cxd5 28. Nxd5 {Black must now prevent Nf6!} Qc6 29. Qf3 Ng5 30. fxg5 Rxg5+ 31.
Kf2 Rf5 32. Nf4 $1 {[#] Hoping for Qxc6.} Bh4+ 33. Ke2 Qc4+ 34. Rd3 {aiming
for b3.} Rd8 {...Rxd3 is the strong threat.} 35. e4 Re8 36. b3 Rxe4+ 37. Be3 $2
{[%mdl 8192] Black converts the advantage convincingly.} (37. Kd1 $11 {and
White stays safe.} Qc6 38. Bd2 (38. Bb2+ $2 Kh7 $17)) 37... Qc2+ $19 38. Rd2
Qc6 39. Rg1 $2 (39. Rf1 {was the only defense.}) 39... Rfxf4 40. Qxf4 Rxf4 41.
Bxf4 Qe6+ 42. Be3 Qxh3 43. Bd4+ Bf6 44. Bxf6+ Kxf6 {[%mdl 4096] Endgame KQ-KRR}
45. Rf1+ Kg7 46. Rd3 Qe6+ 47. Kd2 g5 48. Rc1 Qe5 49. a4 (49. Re1 $142 Qb2+ 50.
Kd1) 49... Qh2+ 50. Kd1 Qg1+ 51. Kd2 Qf2+ 52. Kd1 Qf1+ 53. Kd2 Qf4+ 54. Kd1 Kg6
55. Rc4 Qf1+ 56. Kd2 f5 57. Rc8 f4 58. Rh8 Qg2+ 59. Kc3 Qc6+ 60. Kd2 Kf5 61.
Rhd8 Qg2+ 62. Kc3 Kg4 63. R8d4 Kh5 64. Rd8 f3 {[#] Strongly threatening ...f2.}
65. Rf8 g4 66. Rd7 Kh4 67. Rxb7 Qe2 {And now ...Qe5+ would win.} 68. Rbf7 Kg3
69. Rf5 Kg2 70. Rg8 Qe3+ 71. Kb2 g3 {Weighted Error Value: White=0.40/Black=0.
11} (71... Qd2+ $142 72. Ka3 Qc1+ 73. Ka2 Qc2+ {[%mdl 64] Double Attack} 74.
Ka3 Qc1+ 75. Ka2 Qc2+ {[%mdl 64] Double Attack} 76. Ka1 Qxf5 77. Re8 Qc2 78.
Rf8 f2 79. Rf7 f1=Q+ 80. Rxf1 Kxf1 81. b4 axb4 82. a5 b3 83. a6 Qc1#) 0-1

[Event "EICC 2021"]
[Site "Reykjavik"]
[Date "2021.08.28"]
[Round "3.8"]
[White "Thybo, Jesper Sondergaard"]
[Black "Erdos, Viktor"]
[Result "1/2-1/2"]
[WhiteElo "2587"]
[BlackElo "2614"]
[Annotator "TA"]
[PlyCount "36"]
[EventDate "2021.08.26"]
[EventType "swiss"]
[EventCountry "ISL"]
[Tiebreak "Cut1 Buchholz"]
[SourceTitle "playchess.com"]
[Source "ChessBase"]
[SourceQuality "1"]

{[%evp 15,36,14,19,10,11,6,6,-2,20,12,17,9,13,-26,-27,-65,-58,-63,-51,-62,-22,
-13,5]} 1. Nf3 Nf6 2. g3 g6 3. Bg2 Bg7 4. O-O O-O 5. d4 d5 6. c4 c6 7. cxd5
cxd5 8. Ne5 Ng4 9. Bf4 $1 {[%mdl 4] now scores much better than the old 9.Nxg4.
D79: Fianchetto Grünfeld: Symmetrical Variation (6 0-0 c6 7 cxd5 cxd5).} Nc6
10. Nxc6 bxc6 11. h3 {[#]} e5 $1 12. Bc1 Nf6 13. dxe5 Ne4 {[#]} 14. Qa4 $5 $146
{[%mdl 8] An interesting novelty.} ({Predecessor:} 14. Nd2 Bxe5 15. Nxe4 dxe4
16. Qc2 f5 17. Qxc6 Rb8 18. Bh6 Rf7 19. Rfd1 Bd7 20. Qc5 {1-0 (63) Artemiev,V 
(2704)-Aronian,L (2782) chess24.com INT 2021}) 14... Qb6 15. Be3 Qxb2 16. Bd4
Qxe2 17. Qxc6 Be6 {Threatens to win with ...Rfc8.} 18. Nc3 Nxc3 {Weighted
Error Value: White=0.09/Black=0.07} 1/2-1/2

[Event "EICC 2021"]
[Site "Reykjavik"]
[Date "2021.08.28"]
[Round "3.9"]
[White "Piorun, Kacper"]
[Black "Paichadze, Luka"]
[Result "1-0"]
[WhiteElo "2608"]
[BlackElo "2564"]
[Annotator "TA"]
[PlyCount "77"]
[EventDate "2021.08.26"]
[EventType "swiss"]
[EventCountry "ISL"]
[Tiebreak "Cut1 Buchholz"]
[SourceTitle "playchess.com"]
[Source "ChessBase"]
[SourceQuality "1"]

{[%evp 10,77,32,30,26,23,30,26,44,34,47,45,45,42,43,38,44,13,14,13,29,29,49,24,
27,16,16,6,57,39,57,17,27,25,25,18,27,19,111,105,106,110,109,110,127,122,226,
177,275,284,270,265,555,277,265,265,265,247,252,250,265,265,265,252,12839,
12839,12840,12840,12835,10164]} 1. d4 Nf6 2. c4 e6 3. g3 Bb4+ 4. Bd2 Qe7 5. Bg2
Nc6 6. e3 Bxd2+ {E00: Catalan Bogo-Indian (3 g3 Bb4+).} 7. Nxd2 e5 8. d5 Nb4 {
White has an edge.} 9. Qb1 {[#]} c6 $146 {[%cal Rc6d5]} ({Predecessor:} 9... a5
10. Ne2 Na6 11. O-O d6 12. Nc3 Nc5 13. b3 h5 14. h4 Bg4 15. a3 O-O {1-0 (50)
Michalik,P (2570)-Socko,B (2617) Germany 2015}) 10. a3 Na6 11. Ne2 cxd5 12.
cxd5 d6 13. Nc3 O-O 14. O-O Bd7 15. b4 Ng4 16. h3 Nh6 17. Qd3 f5 18. f4 Rfe8 (
18... Rac8 $11) 19. Nc4 {Hoping for fxe5.} Nf7 20. Na5 Rac8 21. Rac1 Rc7 22.
Nb5 Rxc1 23. Rxc1 g5 (23... Rb8 $11) 24. Kh2 $16 {Black is now going downhill.}
(24. Nxa7 $6 Ra8 $11) (24. Nxb7 Bxb5 25. Qxb5 exf4 $17) 24... exf4 25. exf4
gxf4 26. gxf4 Qh4 {[#] aiming for ...Bxb5.} 27. Rf1 Re4 28. Nxb7 $18 (28. Bxe4
fxe4 29. Rg1+ Kf8 $11) 28... Bxb5 (28... Rxf4 {was worth a try.} 29. N5xd6 Nc7
30. Rxf4 Qxf4+ 31. Qg3+ Qxg3+ 32. Kxg3 Kg7 33. Nxf7 Kxf7) 29. Qxb5 Nc7 30. Qd7
Rxf4 (30... Re7 31. Qxf5 Re3) 31. Nxd6 (31. Rg1 $142) 31... Nxd6 32. Qxd6 (32.
Qxc7 Rxf1 33. Bxf1 (33. Qb8+ Kg7 $11) 33... Qf4+ 34. Kg1 Qd4+ 35. Kh2 Qf4+ 36.
Kg1 Qd4+ 37. Kg2 Qe4+ 38. Kh2 Qf4+ $11) 32... Rxf1 33. Bxf1 f4 {intending ...
Qf2+.} 34. Kh1 ({And not} 34. Qxc7 Qf2+ 35. Bg2 Qg3+ 36. Kh1 (36. Kg1 Qe3+ 37.
Kf1 Qd3+ 38. Kg1 Qe3+ 39. Kf1 Qd3+ 40. Kg1 Qe3+ $11) 36... Qe1+ 37. Kh2 Qg3+
38. Kh1 (38. Kg1 Qe3+ 39. Kf1 Qd3+ 40. Kg1 Qe3+ 41. Kf1 Qd3+ 42. Kg1 Qe3+ $11)
38... Qe1+ 39. Kh2 Qg3+ $11 {[%mdl 64] Double Attack}) 34... Ne8 35. Qe6+ Kf8
36. d6 {[#] Threatens to win with d7.} Ng7 $2 (36... Qf6 37. Qxf6+ Nxf6) 37.
Qc8+ {White is clearly winning.} Kf7 38. Bc4+ ({Not} 38. d7 Qe1 $18) 38... Kg6
39. Qg4+ {Weighted Error Value: White=0.14/Black=0.31} 1-0

[Event "EICC 2021"]
[Site "Reykjavik"]
[Date "2021.08.28"]
[Round "3.11"]
[White "Jones, Gawain C B"]
[Black "Bjerre, Jonas Buhl"]
[Result "1/2-1/2"]
[WhiteElo "2684"]
[BlackElo "2550"]
[Annotator "TA"]
[PlyCount "109"]
[EventDate "2021.08.26"]
[EventType "swiss"]
[EventCountry "ISL"]
[Tiebreak "Cut1 Buchholz"]
[SourceTitle "playchess.com"]
[Source "ChessBase"]
[SourceQuality "1"]

{[%evp 9,109,1,10,8,12,3,11,0,0,0,20,3,0,0,0,0,31,0,0,0,0,0,0,7,0,0,0,0,13,0,0,
0,0,0,0,0,6,0,27,20,31,18,50,51,51,52,68,69,98,37,35,-22,311,309,287,110,303,
304,232,205,212,231,221,218,221,0,322,0,0,0,0,0,0,0,0,0,0,0,0,0,0,0,0,0,0,0,0,
0,0,0,0,0,0,0,0,0,0,0,0,0,-28000,-28000]} 1. e4 c5 2. Nc3 d6 3. Bb5+ Bd7 4.
Bxd7+ Qxd7 5. d4 cxd4 6. Qxd4 {B23: Closed Sicilian: Lines without g3.} Nc6 7.
Qd3 g6 8. Nf3 {The position is equal.} Bg7 9. O-O Nf6 10. Nd5 O-O 11. Bg5 Ng4
12. h3 h6 {[#]} 13. Bh4 $146 ({Predecessor:} 13. Bxe7 Nxf2 14. Rxf2 Nxe7 15. c3
Nc6 16. Rd1 Rad8 17. Qe3 Rfe8 18. Qf4 Ne5 19. Nd4 {1-0 (54) Lagno,K (2546)
-Bethke,R (2332) Chess.com INT 2021}) 13... e6 14. hxg4 {[#] aiming for Nf6+.}
exd5 15. exd5 Ne5 16. Nxe5 Bxe5 17. Bg3 Bxb2 18. Rab1 Bg7 19. Qb5 Rad8 20. Qxb7
Qxg4 21. Qb4 Qd7 22. Rfe1 Qc7 {And now ...Bc3 would win.} 23. c4 Rd7 24. Qa4 {
Hoping for c5!} Bd4 25. Bf4 Kh7 26. Re4 Bc5 27. Rbe1 $36 {[%mdl 2048] White
has the initiative.} Qd8 28. Qb3 h5 29. Qh3 (29. R1e2 $16) 29... Rb7 $14 30. g4
({Better is} 30. Qc3 $14) 30... Rb2 $2 {[%mdl 8192]} (30... f5 $11 {and Black
has nothing to worry.} 31. gxf5 Rxf5) 31. gxh5 $18 Bxf2+ 32. Kh1 $2 (32. Kf1
$18 {and the rest is easy. hxg6+ would kill now.} Qh4 33. Qxh4 Bxh4 34. Bxd6
Bxe1 35. Bxf8) 32... Qh4 $2 (32... Rh8 $16 33. Rf1 Bc5) 33. Qxh4 Bxh4 34. Bxd6
Bxe1 35. Bxf8 {[%mdl 4096] Endgame KRB-KRB} Bg3 36. hxg6+ fxg6 37. d6 $2 (37.
Bc5 $18) 37... Rh2+ $1 $11 38. Kg1 {d7 is the strong threat.} Rd2 39. Re6 Kg8
40. Be7 Kf7 41. Rf6+ Ke8 42. c5 {Threatens to win with c6.} Rc2 43. Bf8 Bh4 44.
Rf4 Bg5 45. Rf3 Kd7 46. Ra3 Ke8 47. Rf3 Kd7 48. Ra3 Ke8 49. Be7 {[%mdl 64] [#]
Decoy} Bxe7 50. dxe7 Kxe7 51. Rxa7+ {KR-KR} Kd8 52. Ra5 Kc7 53. a4 Kc6 54. Ra8
Rxc5 $2 {[%mdl 8192]} (54... Rc4 $11) 55. Rc8+ {[%mdl 32768] Never resign too
early!  Weighted Error Value: White=0.14/Black=0.17. An unexpected result.}
1/2-1/2